000 00485nam a2200169 i 4500
001 21166
003 ES-MaACL
005 20230906152431.0
007 t|
008 021121q19601969gw ||||1| spa d
100 1 _aAlba, Víctor.
_919198
245 1 0 _aPortugal /
_cVíctor Alba.
260 _aFreiburg :
_bHerder,
_c196-?
300 _a3 h. ;
_c26 cm.
500 _aEs separata de: Sowjetsystem und demokratische gesellschaft, Col. 423-432.
852 _aES-MaACL
_j2098-F-4
_bR.92612
999 _c21166
_d21166